LEADER 00914nam0-2200313---450- 001 990009851300403321 005 20140423102430.0 035 $a000985130 035 $aFED01000985130 035 $a(Aleph)000985130FED01 035 $a000985130 100 $a20140418d1941----km-y0itay50------ba 101 0 $ager 102 $aDE 105 $ay-------001yd 200 1 $aMussolinis deutsche Studien$emit einer Tafel$fvon Karl Uhlig 210 $aJena$cFischer$d1941 215 $aV, 158, 1 c. di tav.$d24 cm 225 1 $aBeiträge zur mittelalterlichen, neueren und allgemeinen Geschichte$v19 610 0 $aMussolini, Benito 676 $a945.0915092 700 1$aUhlig,$bKarl$0436749 801 0$aIT$bUNINA$gRICA$2UNIMARC 901 $aBK 912 $a990009851300403321 952 $a945.091 UHL 1$b16738 bibl.$fFLFBC 959 $aFLFBC 996 $aMussolinis deutsche Studien$9825731 997 $aUNINA LEADER 01834nam2-2200445---450- 001 990009758890403321 005 20130909160414.0 010 $a3-7774-6340-X$b4. 010 $a3-7774-5050-2$b3. 010 $a3-7774-4360-3$b1. 035 $a000975889 035 $aFED01000975889 035 $a(Aleph)000975889FED01 035 $a000975889 100 $a20130909g19879999km-y0itay50------ba 101 0 $ager 102 $aDE 105 $aa---b---001yy 200 1 $aBundesrepublik Deutschland 210 $aMunchen$cHirmer$d1987- 215 $av.$cill.$d33 cm 327 0 $a1: 1, Bad Schwalbach - Bochum - Bonn - Darmstadt - Essen - Frankfurt - Kassel - Köln - Mainz - Mannheim - Schloss Fasanerie bei Fulda / bearbeitet von Ursula Höckmann ; mit Beiträgen von Helmut Rix und Josef Riederer - 1987$a3: Stuttgart-Tübingen, Privatsammlungen, Esslingen-Stuttgart / bearbeitet von Bettina v. Freytag gen. Löringhoff ; mit Beiträgen von Carlo De Simone und Josef Riederer. - 1990$a4: Staatliche Museen zu Berlin, Antikensammlung 2 / bearbeitet von Gerhard Zimmer ; mit Beiträgen von Josef Riederer und Helmut Rix - 1995 461 0$1001000919071$12001$aCorpus speculorum Etruscorum 610 0 $aSpecchi etruschi$aMusei tedeschi$aCataloghi 676 $a739.5 702 1$aHöckmann,$bUrsula 702 1$aZimmer,$bGerhard 702 1$aFreytag-Loringhoff,$bBettina von 702 1$aDe Simone,$bCarlo$f<1932- > 702 1$aRiederer,$bJosef 702 1$aRix,$bHelmut 801 0$aIT$bUNINA$gRICA$2UNIMARC 901 $aBK 912 $a990009758890403321 952 $a739.5 CSE GERMANIA 1 (1)$bbibl.$fFLFBC 952 $a739.5 CSE GERMANIA 1 (3)$bbibl.$fFLFBC 952 $a739.5 CSE GERMANIA 1 (4)$bbibl.$fFLFBC 959 $aFLFBC 996 $aBundesrepublik Deutschland$9834441 997 $aUNINA LEADER 01237nam a2200301 i 4500 001 991001126519707536 005 20020502184001.0 008 000113s1998 it ||| | ita 020 $a887802855X$c38000 035 $ab11467551-39ule_inst 035 $aPRUMB55397$9ExL 040 $aDUSS - Diploma Universitario in Servizio Sociale$bita 082 0 $a305.23509452 110 2 $aIARD$c$0250935 245 10$aEssere giovani in Lombardia :$buna generazione fra Italia ed Europa :$brapporto Regione Lombardia, IARD /$ca cura di Carlo Buzzi 260 $aMilano :$bGuerini e Associati,$c1998 300 $a209 p. ;$c24 cm. 500 $aIndagine realizzata dall'Associazione IARD per conto della Regione Lombardia 500 $aSegue: Appendice statistico-metodologica, di Antonella Volino 650 4$aGiovani$zLombardia$xInchieste 700 1 $aBuzzi, Carlo 710 2 $aLombardia 907 $a.b11467551$b06-09-16$c01-07-02 912 $a991001126519707536 945 $aLE024 SOC/D SR V 25$g1$i2024000018535$lle021$nex DUSS$o-$pE0.00$q-$rl$s- $t0$u0$v0$w0$x0$y.i1165658x$z01-07-02 996 $aEssere giovani in Lombardia$9516561 997 $aUNISALENTO 998 $ale021$b01-01-00$cm$da $e-$fita$git $h0$i1 LEADER 01276nam a22002771i 4500 001 991001605089707536 005 20031126092552.0 008 040407s1969 it |||||||||||||||||ita 035 $ab12795665-39ule_inst 035 $aARCHE-077529$9ExL 040 $aDip.to Scienze Storiche$bita$cA.t.i. Arché s.c.r.l. Pandora Sicilia s.r.l. 082 04$a331 100 1 $aNeppi Modona, Guido$0139716 245 10$aSciopero, potere politico e magistratura, 1870-1922 :$bricerca affidata all'Istituto di scienze politiche dell'Università di Torino e realizzata con il contributo del Consiglio nazionale delle ricerche /$cGuido Neppi Modona ; prefazione di Alessandro Galante Garrone 260 $aBari :$bLaterza,$c1969 300 $aXVIII, 486 p. ;$c22 cm 440 0$aBiblioteca di cultura moderna ;$v679 650 4$aSciopero$zItalia$y1870-1922 650 4$aControversie di lavoro$zItalia$y1870-1922 700 1 $aGalante Garrone, Alessandro 907 $a.b12795665$b02-04-14$c16-04-04 912 $a991001605089707536 945 $aLE009 STOR.64-35$g1$i2009000192003$lle009$o-$pE0.00$q-$rn$so $t0$u0$v0$w0$x0$y.i1334125x$z16-04-04 996 $aSciopero, potere politico e magistratura$9723532 997 $aUNISALENTO 998 $ale009$b16-04-04$cm$da $e-$fita$git $h0$i1